2017シーズンのJ1順位表(最終結果) - Statistics

General Stats
  • This quiz has been taken 11 times
  • The average score is 8 of 18
Answer Stats
順位 チーム名 % Correct
1 川崎フロンターレ
100%
2 鹿島アントラーズ
100%
3 セレッソ大阪
83%
5 横浜F・マリノス
67%
4 柏レイソル
50%
6 ジュビロ磐田
50%
7 浦和レッズ
50%
18 大宮アルディージャ
50%
10 ガンバ大阪
33%
12 ベガルタ仙台
33%
14 清水エスパルス
33%
15 サンフレッチェ広島
33%
16 ヴァンフォーレ甲府
33%
17 アルビレックス新潟
33%
13 FC東京
33%
8 サガン鳥栖
17%
9 ヴィッセル神戸
17%
11 北海道コンサドーレ札幌
17%
No matching quizzes found
Score Distribution
Percent of People with Each Score
Percentile by Number Answered
Your Score History
You have not taken this quiz